Introducción a los métodos de investigación de la psicología /
Obra sobre métodos de investigación científica aplicada a la psicología. Contenido: La metodología: La obtención del conocimiento; La evaluación del conocimiento. El método científico de la psicología: La planificación de una investigación; Formas de llevar a cabo una investigación; El análisis de l...
Guardat en:
| Autor principal: | |
|---|---|
| Altres autors: | |
| Format: | Llibre |
| Idioma: | espanyol |
| Publicat: |
Madrid, España :
Pirámide,
1997, c1997
|
| Col·lecció: | (Psicología Pirámide)
|
| Matèries: | |
| Etiquetes: |
Sense etiquetes, Sigues el primer a etiquetar aquest registre!
|
MARC
| LEADER | 00000nam^a2200000^a^4500 | ||
|---|---|---|---|
| 001 | 000167843 | ||
| 005 | 20250521000000.0 | ||
| 009 | 20260310101141.01 | ||
| 020 | |a 84-368-1130-5 | ||
| 037 | |a Acervo ITESO - Biblioteca | ||
| 041 | |a ESP | ||
| 082 | |a 150. 72 |b DEL | ||
| 100 | |a Delgado, Ana R. |e (autor) | ||
| 245 | 1 | 0 | |a Introducción a los métodos de investigación de la psicología / |c A.R. Delgado, G. Prieto. |
| 264 | 4 | |a Madrid, España : |b Pirámide, |c 1997, c1997 | |
| 300 | |a 148 p. | ||
| 336 | |a texto |b txt |2 rdacontenido | ||
| 337 | |a sin mediación |b n |2 rdamedio | ||
| 338 | |a volumen |b nc |2 rdasoporte | ||
| 440 | 1 | |a (Psicología Pirámide) | |
| 520 | |a Obra sobre métodos de investigación científica aplicada a la psicología. Contenido: La metodología: La obtención del conocimiento; La evaluación del conocimiento. El método científico de la psicología: La planificación de una investigación; Formas de llevar a cabo una investigación; El análisis de los datos. Las modalidades metodológicas: La modalidad observacional; La modalidad experimental; La modalidad selectiva. | ||
| 649 | |a XX | ||
| 650 | |a Observación | ||
| 650 | |a Encuesta | ||
| 650 | |a Análisis de Datos | ||
| 650 | |a Método Experimental | ||
| 650 | |a Metodología Cualitativa | ||
| 650 | |a Investigación Cuasiexperimental | ||
| 650 | |a Investigación Experimental | ||
| 650 | |a Investigación Descriptiva | ||
| 650 | |a Investigación Aplicada | ||
| 650 | |a Investigación - |x Informes | ||
| 650 | |a Investigación - |x Metodología | ||
| 650 | |a Psicología - |x Investigación | ||
| 700 | |a Prieto, Gerardo |e (autor) | ||
| 910 | |a Fondo General | ||
| 920 | |a Impresos - Libros | ||
| 930 | |a Colección General | ||
| 905 | |a 101 | ||
| 901 | |a 0500104124 |b IT1 |c ACC |u 20250521 | ||
| 902 | |a https://opac.biblio.iteso.mx/vufind/Record/000167843 | ||